Southville International School and Colleges
Your cart is empty.
  • Cart
  • Lists
    Public lists Eva Luna New books Lux_list list_1
    Your lists Log in to create your own lists
  • Log in to your account
  • Your cookies
  • Search history
Southville International School and Colleges
  • Advanced search
  • Recent comments
  • Most popular
  • Libraries

Log in to your account

Log in with GOOGLE


If you do not have an external account, but do have a local account, you can still log in:

  1. Home
  2. MARC view: When things don't go your way :
Normal view MARC view ISBD view

When things don't go your way : (Record no. 368341)

[ view plain ]
MARC details
000 -LEADER
fixed length control field 01040nam a22002657a 4500
003 - CONTROL NUMBER IDENTIFIER
control field 0
005 - DATE AND TIME OF LATEST TRANSACTION
control field 20251104091203.0
008 - FIXED-LENGTH DATA ELEMENTS--GENERAL INFORMATION
fixed length control field 251024b xxu||||| |||| 00| 0 eng d
020 ## - INTERNATIONAL STANDARD BOOK NUMBER
International Standard Book Number 978-0-14-313589-0
050 ## - LIBRARY OF CONGRESS CALL NUMBER
Classification number BQ 4235
Item number .H94 2024
100 ## - MAIN ENTRY--PERSONAL NAME
Personal name Haemin, Sunim,
Relator term author.
245 ## - TITLE STATEMENT
Title When things don't go your way :
Remainder of title Zen wisdom for difficult times /
Statement of responsibility, etc Haemin Sunim ; translated by Charles La Shute and Haemin Sunim.
260 ## - PUBLICATION, DISTRIBUTION, ETC. (IMPRINT)
Place of publication, distribution, etc New York City :
Name of publisher, distributor, etc Penguin Life,
Date of publication, distribution, etc 2024.
300 ## - PHYSICAL DESCRIPTION
Extent viii, 229 pages :
Other physical details illustrations ;
Dimensions 22 cm.
500 ## - GENERAL NOTE
General note Originally published in Korean.<br/>Includes inspirational illustrations.<br/>
504 ## - BIBLIOGRAPHY, ETC. NOTE
Bibliography, etc Includes bibliographical references.<br/>
520 ## - SUMMARY, ETC.
Summary, etc A guide offering Zen-based wisdom and practices for finding calm and clarity in challenging times.
650 ## - SUBJECT ADDED ENTRY--TOPICAL TERM
Topical term or geographic name as entry element Buddhist philosophy.
650 ## - SUBJECT ADDED ENTRY--TOPICAL TERM
Topical term or geographic name as entry element Spiritual life.
650 ## - SUBJECT ADDED ENTRY--TOPICAL TERM
Topical term or geographic name as entry element Resilience (Psychology).
650 ## - SUBJECT ADDED ENTRY--TOPICAL TERM
Topical term or geographic name as entry element Conduct of life.
700 ## - ADDED ENTRY--PERSONAL NAME
Personal name La Shute, Charles,
Relator term translator.
700 ## - ADDED ENTRY--PERSONAL NAME
Personal name Haemin Sunim,
Relator term translator.
942 ## - ADDED ENTRY ELEMENTS (KOHA)
Source of classification or shelving scheme Library of Congress Classification
Koha item type Books
Holdings
Withdrawn status Lost status Source of classification or shelving scheme Damaged status Home library Current library Shelving location Date acquired Source of acquisition Sub Shelving location Total Checkouts Full call number Barcode Date last seen Date checked out Price effective from Koha item type
    Library of Congress Classification   Luxembourg Library Luxembourg Library Teachers Reference Section 11/19/2024 Library Fund   1 BQ 4235 .H94 2024 21355 11/04/2025 11/04/2025 10/24/2025 Books
    Library of Congress Classification   Luxembourg Library Luxembourg Library High School Section 11/19/2024 Library Fund     BQ 4235 .H94 2024 21410 11/04/2025   11/04/2025 Books
    Library of Congress Classification   Luxembourg Library Luxembourg Library High School Section 11/19/2024 Library Fund     BQ 4235 .H94 2024 21411 11/04/2025   11/04/2025 Books

When things don't go your way :

APA

Haemin S., La Shute C. & Haemin Sunim. (2024). When things don't go your way. New York City: Penguin Life.

Chicago

Haemin Sunim, La Shute Charles and Haemin Sunim. 2024. When things don't go your way. New York City: Penguin Life.

Harvard

Haemin S., La Shute C. and Haemin Sunim. (2024). When things don't go your way. New York City: Penguin Life.

MLA

Haemin Sunim, La Shute Charles and Haemin Sunim. When things don't go your way. New York City: Penguin Life. 2024.

  • Place hold
  • Print
  • Cite
  • Add to your cart (remove)
  • Save record
    BIBTEX Dublin Core MARCXML MARC (non-Unicode/MARC-8) MARC (Unicode/UTF-8) MARC (Unicode/UTF-8, Standard) MODS (XML) RIS
  • More searches
    Search for this title in:
    Other Libraries (WorldCat) Other Databases (Google Scholar) Online Stores (Bookfinder.com) Open Library (openlibrary.org)

Exporting to Dublin Core...

SOUTHVILLE LIBRARY

Southville International School and Colleges Library

1281 Tropical Ave. Cor. Luxembourg St., BF Homes International, Las Pinas City

Tel. No. 8256374 / 252358 Loc. 117/146

Powered by Koha